Elements named for Places - Statistics

General Stats
  • This quiz has been taken 44 times
  • The average score is 13 of 26
Answer Stats
Place Answer % Correct
The Americas Americium
85%
France Francium
85%
Germany Germanium
85%
Poland Polonium
85%
Europe Europium
82%
France Gallium
67%
California Californium
61%
Ytterby Ytterbium
61%
Ytterby Yttrium
61%
Moscow Moscovium
58%
Ytterby Erbium
52%
Japan Nihonium
52%
Ytterby Terbium
52%
Berkeley Berkelium
48%
Russia Ruthenium
45%
Tennessee Tennessine
45%
Darmstadt Darmstadtium
42%
Cyprus Copper
39%
Scandinavia Scandium
39%
Dubna Dubnium
24%
Paris Lutetium
24%
Hesse Hassium
21%
Stockholm Holmium
21%
Rhine Rhenium
15%
Strontian Strontium
12%
Magnesia Magnesium
6%
No matching quizzes found
Score Distribution
Percent of People with Each Score
Percentile by Number Answered
Your Score History
You have not taken this quiz